00321nam a2200133Ia 4500100001800000650001100018366000700029654002300036245005800059260002900117082002100146300000800167546001200175 aYang Xin-She  aMatlab f20 acomputational engg aIntroduction to Computational Engineering with Matlab bViva BooksaMumbaic2008 a005.131/YANbYAN a248 aENGLISH